000 00579nam a2200229Ia 4500
003 OSt
005 20220918173950.0
006 a|||||r|||| 00| 0
007 ta
008 220917b |||||||| |||| 00| 0 eng d
024 _a9,534
037 _cTextual
040 _aARTS
_cARTS
_beng
041 _2eng
_aeng
082 _a261, J8 (2D)
100 _aNorwell George W.
_948622
245 0 _aWhat boys and girls like to read
260 _c1958
650 _aLIBRARY SCIENCE
942 _h261, J8 (2D)
_cTEXL
_2CC
999 _c151174
_d151174